000 00862nam a2200265Ia 4500
003 OSt
005 20220918172036.0
006 a|||||r|||| 00| 0
007 ta
008 220917b |||||||| |||| 00| 0 eng d
020 _a9789027255532 (hbk)
_c6314.64
024 _a259,980
037 _b658, 06/03/2012, Bright Book Service
_cTextual
040 _aARTS
_cARTS
_beng
041 _2eng
_aeng
082 _aP:33, Q1
100 _aHunter Tim
_939870
245 0 _aSyntactic effects of conjunctivist semantics
_b Unifying movement and adjunction
260 _aAmsterdam
_bHohn Benjamins Pub The Netherlands
_c2011
300 _avii, 184p.
_ccm.
490 _aLinguistik aktuell/ linguistics today (LA)
650 _aLINGUISTICS
942 _hP:33, Q1
_cTEXL
_2CC
999 _c142295
_d142295